Statistics for Amphibians - Picture Quiz

Click here to take the quiz!

General Stats

  • This quiz has been taken 14 times
  • The average score is 3 of 8

Answer Stats

Answer% Correct
Angular-Headed Newt
77%
Poison Dart Frog
77%
Bullfrog
62%
Caecilian
38%
{Suriname} Toad
23%
Triturus Vulgaris Maennchen
8%
Blue-Ringed Salamander
0%
Klein Water Salamander
0%

Score Distribution

Percentile by Number Answered

Percent of People with Each Score

Your Score History

You have not taken this quiz